Statistiques concernant Tous les asterix 3eme partie

Cliquez ici pour prendre le quiz!

Statistiques générales

  • Ce quiz a été pris 5 fois
    (4 depuis la dernière actualisation)
  • Le résultat moyen est 5 sur 10

Statistiques - réponses

Titre% Correct
35Chez les Pictes
75%
38La Fille de Vercingétorix
75%
32Et la Rentrée gauloise
50%
37Et la Transitalique
50%
31Et Latraviata
50%
39Et le Griffon
50%
33Le ciel lui tombe sur la tête
50%
36Le Papyrus de César
50%
40L'Iris blanc
50%
34L'Anniversaire d'Astérix et Obélix - le livre d'or
0%

Distribution des résultats

Percentile par nombre de réponses

% des personnes avec chaque résultat

Votre développement - résultats

Vous n’avez pas pris ce quiz depuis la dernière actualisation